Oracle database 12c release 2 multitenant / (Record no. 140476)

MARC details
000 -LEADER
fixed length control field 00706nam a22002297a 4500
005 - DATE AND TIME OF LATEST TRANSACTION
control field 20170529143955.0
010 ## - LCCN (DPL NO)
LC control number ENG-118432
020 ## - INTERNATIONAL STANDARD BOOK NUMBER
International Standard Book Number 9789352605347
Terms of availability 699.00
035 ## - SYSTEM CONTROL NUMBER
System control number EN-101964
037 ## - SOURCE OF ACQUISITION
Source of stock number/acquisition DBAD/PUB
082 ## - DEWEY DECIMAL CLASSIFICATION NUMBER
Classification number 005.74
100 ## - MAIN ENTRY--PERSONAL NAME
Personal name Els,Anton
245 ## - TITLE STATEMENT
Title Oracle database 12c release 2 multitenant /
Statement of responsibility, etc by Anton Els, Vit Spinka [and] Franck Pachot
260 ## - PUBLICATION, DISTRIBUTION, ETC. (IMPRINT)
Place of publication, distribution, etc Noida
Name of publisher, distributor, etc McGraw Hill Education
Date of publication, distribution, etc 2017
270 ## - ADDRESS
Address B-4 Sector-63,Distt. Gautam Budh Nagar
City Noida (U.P.)
Postal code 201301
300 ## - PHYSICAL DESCRIPTION
Extent xvii, 365 p.
Dimensions 24cm (Pbk)
490 ## - SERIES STATEMENT
Series statement Oracle Press
500 ## - GENERAL NOTE
General note Includes index
700 ## - ADDED ENTRY--PERSONAL NAME
Personal name Spinka, Vit
700 ## - ADDED ENTRY--PERSONAL NAME
Personal name Pachot, Franck
942 ## - ADDED ENTRY ELEMENTS (KOHA)
Source of classification or shelving scheme Dewey Decimal Classification
Item type English Books
Classification part 005.74
Call number suffix ELS
Holdings
Withdrawn status Lost status Not for loan Collection code Home library Current library Date acquired Source of acquisition Cost, normal purchase price Full call number Barcode Copy number Cost, replacement price Koha item type
    Not For Loan Non-fiction D.B.Act.Division Bawana 29/05/2017 DBAD/PUB 699.00 005.74 ELS EN-101964 1 699.00 English Books

© Delhi Public Library
Hit Counter
free hit counter